000 00307nam a2200121Ia 4500
008 191201s2016 xx 000 0 und d
100 _aMAHAPATRA, Rajendra Prasad
245 0 _aDatabase Management Systems
250 _aRep
260 _c2016
_bKhanna Publisher
_aNEW DELHI
300 _a526
942 _2ddc
_cBK
999 _c7989
_d7989